[Event "XXXVIII Festival A"]
[Site "Imperia ITA"]
[Date "1996.09.??"]
[Round "7"]
[White "Hitzgerova, Gabriela"]
[Black "Cirabisi, Federico"]
[WhiteElo "2125"]
[BlackElo "2180"]
[Result "1-0"]
[PlyCount "87"]
[EventDate "1996.09.01"]

1. e4 Nf6 2. e5 Nd5 3. d4 d6 4. exd6 cxd6 5. Nf3 g6 6. Be2 Bg7 7. O-O O-O 8. c4
Nb6 9. Nc3 Bg4 10. b3 Nc6 11. Be3 d5 12. c5 Nc8 13. Rc1 e6 14. h3 Bxf3 15. Bxf3
N8e7 16. Qd2 Nf5 17. Ne2 h6 18. b4 Nh4 19. b5 Nxf3+ 20. gxf3 Ne7 21. Bxh6 Nf5
22. Bg5 f6 23. Bf4 g5 24. Bg3 Qe8 25. c6 bxc6 26. Rxc6 Qh5 27. Kg2 Rae8 28. Rc7
e5 29. dxe5 Rxe5 30. Nd4 Nh4+ 31. Bxh4 gxh4 32. Qd3 Rfe8 33. Rcc1 Bh6 34. Rcd1
R8e7 35. Kh1 Bf8 36. Nc6 Rd7 37. Nxe5 Qxe5 38. Rg1+ Kh8 39. Rg2 Qe6 40. f4 Bd6
41. f5 Qe8 42. Qxd5 Rd8 43. Qe6 Be7 44. Rdg1 1-0

[Event "XXXVIII Festival A"]
[Site "Imperia ITA"]
[Date "1996.09.??"]
[Round "7"]
[White "Jurek, Josef"]
[Black "Sejkora, Vlastimil"]
[WhiteElo "2380"]
[BlackElo "2235"]
[Result "0-1"]
[PlyCount "86"]
[EventDate "1996.09.01"]

1. Nf3 g6 2. d4 Nf6 3. c4 Bg7 4. g3 d6 5. Nc3 O-O 6. Bg2 Nc6 7. O-O a6 8. d5
Na5 9. Nd2 c5 10. Qc2 Rb8 11. b3 b5 12. Bb2 Re8 13. Rab1 e6 14. e4 Bd7 15. h3
b4 16. Nd1 exd5 17. cxd5 Bb5 18. Nc4 Bxc4 19. bxc4 Nd7 20. Bxg7 Kxg7 21. Ne3
Kg8 22. h4 Nb6 23. f4 f5 24. Rbe1 Qf6 25. e5 dxe5 26. fxe5 Qxe5 27. Nxf5 Qxe1
28. Nh6+ Kg7 29. Rxe1 Rxe1+ 30. Kh2 Rbe8 31. Qd2 Naxc4 32. Qg5 R1e5 33. Qf4 Rf8
34. Qc1 Ne3 35. Qxc5 Nd7 36. Qd6 Rf2 37. Nf5+ Rexf5 38. Qe7+ Rf7 39. Qxe3 Rxa2
40. Qd4+ Kg8 41. d6 Rff2 42. Qc4+ Kg7 43. Qc7 Rxg2+ 0-1

[Event "XXXVIII Festival A"]
[Site "Imperia ITA"]
[Date "1996.09.??"]
[Round "7"]
[White "Krouzel, Jaroslav"]
[Black "Mollero, Michele"]
[WhiteElo "2240"]
[BlackElo "2030"]
[Result "1-0"]
[PlyCount "148"]
[EventDate "1996.09.01"]

1. d4 f5 2. e4 fxe4 3. Nc3 Nf6 4. Bg5 e6 5. Nxe4 Be7 6. Ng3 c5 7. Bxf6 Bxf6 8.
Qh5+ g6 9. Qxc5 b6 10. Qc3 Bb7 11. Nf3 O-O 12. Be2 Nc6 13. Qd2 e5 14. d5 Nd4
15. c4 Nxe2 16. Qxe2 b5 17. O-O bxc4 18. Qxc4 d6 19. Rfd1 Qd7 20. Ne4 Rac8 21.
Qb3 Be7 22. Nfd2 Qc7 23. Nc3 Rb8 24. Nde4 Ba6 25. Qa3 Qb6 26. Qa4 Rbc8 27. Qb3
Qa5 28. Qc2 Bb7 29. Qd3 Ba6 30. Qh3 Rcd8 31. Qg3 Qb6 32. b3 Rf4 33. Qe3 Qxe3
34. fxe3 Rff8 35. a4 Rb8 36. Nb5 Rfd8 37. Nxa7 Rxb3 38. Nc6 Rd7 39. Nxe7+ Rxe7
40. Nxd6 Rxe3 41. Nb5 Rd7 42. d6 Rb3 43. Rab1 Rxb1 44. Rxb1 Bxb5 45. axb5 Rxd6
46. b6 Rd8 47. b7 Rb8 48. Kf2 Kf7 49. Ke3 Ke6 50. Ke4 Kd6 51. h4 Kc7 52. Kxe5
Re8+ 53. Kf6 Kb8 54. Rb4 Re2 55. g4 Rh2 56. g5 Rd2 57. Kg7 Rd7+ 58. Kg8 h6 59.
gxh6 Rd8+ 60. Kf7 Rd7+ 61. Kf6 Rd6+ 62. Ke5 Rd8 63. Kf6 Rd6+ 64. Kf7 Rd7+ 65.
Kxg6 Rd6+ 66. Kh5 Rd5+ 67. Kg4 Rd6 68. Rf4 Rxh6 69. Kg5 Rh8 70. Rf6 Kxb7 71. h5
Rg8+ 72. Rg6 Rf8 73. h6 Rf1 74. Rg7+ Kc8 1-0

[Event "XXXVIII Festival A"]
[Site "Imperia ITA"]
[Date "1996.09.??"]
[Round "7"]
[White "Lacrosse, Marc"]
[Black "Luciani, Carlo"]
[WhiteElo "2250"]
[BlackElo "2290"]
[Result "1-0"]
[PlyCount "47"]
[EventDate "1996.09.01"]

1. d4 c5 2. d5 e5 3. c4 d6 4. e4 Nf6 5. Nc3 Be7 6. g3 O-O 7. Bg2 Ne8 8. Nge2
Bg5 9. f4 exf4 10. gxf4 Bh4+ 11. Ng3 f5 12. e5 dxe5 13. fxe5 f4 14. O-O fxg3
15. Rxf8+ Kxf8 16. hxg3 Be7 17. Qh5 Kg8 18. Be4 g6 19. Bxg6 hxg6 20. Qxg6+ Ng7
21. Bh6 Qf8 22. Rf1 Nd7 23. Rxf8+ Bxf8 24. Ne4 1-0

[Event "XXXVIII Festival A"]
[Site "Imperia ITA"]
[Date "1996.09.??"]
[Round "7"]
[White "Lips, Frantisek"]
[Black "Beeckmans, Felix"]
[WhiteElo "2048"]
[BlackElo "2175"]
[Result "0-1"]
[PlyCount "104"]
[EventDate "1996.09.01"]

1. d4 d6 2. Nf3 Bg4 3. c4 Bxf3 4. exf3 c6 5. Nc3 e6 6. Bd3 Nf6 7. O-O d5 8. Re1
dxc4 9. Bxc4 Be7 10. f4 O-O 11. Ne4 Nxe4 12. Rxe4 Nd7 13. Re3 Nf6 14. Rh3 g6
15. Be3 Re8 16. g4 Nd5 17. g5 f5 18. Rg3 Bd6 19. Qf3 Qc7 20. Bxd5 exd5 21. Rh3
Re4 22. Rh4 b6 23. Rd1 Rae8 24. Kg2 Qf7 25. b3 c5 26. dxc5 bxc5 27. Bc1 d4 28.
Qd3 Qd5 29. Qc4 Qxc4 30. bxc4 Re2 31. Rh3 Rxa2 32. Rf3 Bc7 33. Ba3 Bb6 34. h4
Rc2 35. h5 gxh5 36. Rh3 Ree2 37. Rf3 Rxc4 38. Kg3 Rcc2 39. Rh1 c4 40. Bc1 h4+
41. Kxh4 Rxf2 42. Rfh3 d3 43. g6 hxg6 44. Kg5 Kf7 45. Rh7+ Ke6 46. Ba3 Rg2+ 47.
Kh6 Rh2+ 48. Kg7 Rxh7+ 49. Rxh7 Ra2 50. Bb4 Rb2 51. Bc3 Bd4+ 52. Bxd4 Rb7+ 0-1

[Event "XXXVIII Festival A"]
[Site "Imperia ITA"]
[Date "1996.09.??"]
[Round "7"]
[White "Lostuzzi, Manlio"]
[Black "Viaggi, Giovanni"]
[WhiteElo "2340"]
[BlackElo "2120"]
[Result "1-0"]
[PlyCount "93"]
[EventDate "1996.09.01"]

1. c4 Nc6 2. Nc3 Nf6 3. g3 e5 4. Bg2 Bc5 5. e3 d6 6. Nge2 Bg4 7. h3 Bh5 8. g4
Bg6 9. d4 Bb4 10. d5 Bxc3+ 11. Nxc3 Nb8 12. f4 h6 13. f5 Bh7 14. e4 Nfd7 15.
Be3 a5 16. O-O Na6 17. b3 f6 18. Qd2 Bg8 19. h4 Bf7 20. Bf3 Qe7 21. Nb5 b6 22.
Rab1 Ndc5 23. a3 Qd8 24. b4 axb4 25. axb4 Nd7 26. Ra1 Ke7 27. Ra3 Be8 28. Rfa1
Ndb8 29. Nc3 Bd7 30. b5 Bc8 31. bxa6 Nxa6 32. c5 Rb8 33. cxb6 Nc5 34. Bxc5 dxc5
35. bxc7 Qxc7 36. Ra7 Rb7 37. Nb5 Qb6 38. Qa5 Qxa5 39. R1xa5 Rd8 40. Rxb7+ Bxb7
41. Ra7 Rd7 42. Be2 Kd8 43. Kf2 Bc8 44. Rxd7+ Bxd7 45. Na3 Ke7 46. Bb5 Bc8 47.
Nc4 1-0

[Event "XXXVIII Festival A"]
[Site "Imperia ITA"]
[Date "1996.09.??"]
[Round "7"]
[White "Maes, Valeer"]
[Black "Mozny, Milos"]
[WhiteElo "2265"]
[BlackElo "2420"]
[Result "0-1"]
[PlyCount "68"]
[EventDate "1996.09.01"]

1. e4 c5 2. Nf3 e6 3. d4 cxd4 4. Nxd4 Nf6 5. Nc3 d6 6. g4 e5 7. Bb5+ Bd7 8.
Bxd7+ Qxd7 9. Nf5 h5 10. gxh5 Nxe4 11. Nxg7+ Bxg7 12. Nxe4 d5 13. h6 dxe4 14.
hxg7 Qxd1+ 15. Kxd1 Rg8 16. Rg1 Nc6 17. Be3 f5 18. c3 Kf7 19. Ke2 f4 20. Bc5
Rxg7 21. Rxg7+ Kxg7 22. Rd1 Kg6 23. Rd7 b6 24. Rd6+ Kf5 25. Rxc6 bxc5 26. Rc7
a5 27. Rh7 c4 28. Kd2 Rd8+ 29. Kc1 Kg4 30. Re7 Rd5 31. b3 Kf3 32. bxc4 Rc5 33.
h4 Kxf2 34. h5 e3 0-1

[Event "XXXVIII Festival A"]
[Site "Imperia ITA"]
[Date "1996.09.??"]
[Round "7"]
[White "Mambrini, Augusto"]
[Black "Botta, Tibor"]
[WhiteElo "2200"]
[BlackElo "2215"]
[Result "1-0"]
[PlyCount "54"]
[EventDate "1996.09.01"]

1. d4 d5 2. Nf3 Nf6 3. c4 e6 4. Nc3 Be7 5. Bg5 O-O 6. e3 Nbd7 7. Rc1 c6 8. a3
b6 9. cxd5 cxd5 10. Bd3 Bb7 11. O-O Rc8 12. Qa4 Bc6 13. Bb5 Bxb5 14. Nxb5 a5
15. Bf4 Ne4 16. Na7 Rxc1 17. Rxc1 Ndf6 18. Nc6 Qe8 19. Nxe7+ Qxe7 20. h3 Qd7
21. Qc6 b5 22. Qa6 a4 23. Rc6 h6 24. Qxb5 Ra8 25. Ne5 Qd8 26. Qb7 Qe8 27. Nxf7
Rb8 1-0

[Event "XXXVIII Festival A"]
[Site "Imperia ITA"]
[Date "1996.09.??"]
[Round "7"]
[White "Marinescu, Marian"]
[Black "Fusari, Paolo"]
[WhiteElo "2130"]
[BlackElo "1903"]
[Result "1-0"]
[PlyCount "39"]
[EventDate "1996.09.01"]

1. d4 Nf6 2. Nf3 c5 3. d5 b5 4. Bg5 Ne4 5. Bf4 d6 6. Nbd2 Qa5 7. c3 Nxd2 8.
Nxd2 c4 9. e4 Nd7 10. Nf3 f6 11. Nd4 Nc5 12. f3 g6 13. Kf2 Bg7 14. b4 cxb3 15.
axb3 Qxc3 16. Nxb5 Qb2+ 17. Be2 O-O 18. Rb1 Qa2 19. b4 Nd7 20. Nc3 1-0

[Event "XXXVIII Festival A"]
[Site "Imperia ITA"]
[Date "1996.09.??"]
[Round "7"]
[White "Minnebo, Alain"]
[Black "Plesek, Jiri"]
[WhiteElo "2214"]
[BlackElo "2290"]
[Result "1-0"]
[PlyCount "71"]
[EventDate "1996.09.01"]

1. c4 f5 2. g3 Nf6 3. Bg2 g6 4. Nh3 Bg7 5. O-O e5 6. d4 d6 7. dxe5 dxe5 8.
Qxd8+ Kxd8 9. Rd1+ Ke7 10. Nc3 c6 11. e4 Be6 12. b3 h6 13. f4 Nxe4 14. Nxe4
fxe4 15. Ba3+ Kf7 16. Rf1 Re8 17. fxe5+ Kg8 18. Nf4 Bf5 19. g4 Bxg4 20. Nxg6 e3
21. Ne7+ Kh8 22. Ng6+ Kg8 23. Rae1 e2 24. Rf4 Bh5 25. Ne7+ Rxe7 26. Bxe7 Bxe5
27. Rf8+ Kg7 28. Bf3 Nd7 29. Rxa8 Bxf3 30. Kf2 Bh5 31. Rxe2 Bxe2 32. Kxe2 Kf7
33. Bh4 a6 34. Ra7 Bxh2 35. Rxb7 Ke6 36. Ra7 1-0

[Event "XXXVIII Festival A"]
[Site "Imperia ITA"]
[Date "1996.09.??"]
[Round "7"]
[White "Nurkic, Sahbaz"]
[Black "Reznicek, Tomas"]
[WhiteElo "2405"]
[BlackElo "2265"]
[Result "1-0"]
[PlyCount "35"]
[EventDate "1996.09.01"]

1. e4 e5 2. Nf3 Nc6 3. Bb5 a6 4. Ba4 Nf6 5. O-O Be7 6. Bxc6 dxc6 7. d3 Nd7 8.
Nbd2 c5 9. Nc4 f6 10. Nh4 Nf8 11. f4 Be6 12. Nf5 Bxc4 13. Nxg7+ Kf7 14. Nf5 Be6
15. Qh5+ Ng6 16. fxe5 Bxf5 17. exf5 Qd4+ 18. Kh1 1-0

[Event "XXXVIII Festival A"]
[Site "Imperia ITA"]
[Date "1996.09.??"]
[Round "7"]
[White "Ortega, Lexy"]
[Black "Mocchi, Tullio"]
[WhiteElo "2495"]
[BlackElo "2161"]
[Result "1-0"]
[PlyCount "57"]
[EventDate "1996.09.01"]

1. d4 Nf6 2. c4 e6 3. Nc3 Bb4 4. e3 O-O 5. Bd3 c5 6. Nge2 d5 7. cxd5 cxd4 8.
exd4 Nxd5 9. O-O Nc6 10. a3 Be7 11. Bc2 Nf6 12. Qd3 g6 13. Bh6 Re8 14. Rad1 a6
15. Qf3 Qa5 16. Rfe1 Bd7 17. Ng3 Bd8 18. Nce4 Nxe4 19. Nxe4 Nxd4 20. Nf6+ Kh8
21. Qf4 Nxc2 22. Nxd7 Qf5 23. Qxf5 gxf5 24. Re2 Rc8 25. Rc1 Re7 26. Rd2 Ba5 27.
b4 Rc7 28. Nf6 Rc8 29. Rdxc2 1-0

[Event "XXXVIII Festival A"]
[Site "Imperia ITA"]
[Date "1996.09.??"]
[Round "7"]
[White "Rossi, Giampiero"]
[Black "Jandourek, Lukas"]
[WhiteElo "2105"]
[BlackElo "2220"]
[Result "1-0"]
[PlyCount "39"]
[EventDate "1996.09.01"]

1. d4 d5 2. c4 c6 3. cxd5 cxd5 4. Nc3 Nf6 5. Nf3 Nc6 6. Bf4 Bf5 7. e3 e6 8. Qb3
Bb4 9. Bb5 O-O 10. O-O Qb6 11. Bxc6 Bxc3 12. Bxb7 Bxb2 13. Bxa8 Bxa1 14. Bxd5
Bxd4 15. Nxd4 Nxd5 16. Nxf5 Nxf4 17. Ne7+ Kh8 18. exf4 Qc7 19. Qa3 Re8 20. Rc1
1-0

[Event "XXXVIII Festival A"]
[Site "Imperia ITA"]
[Date "1996.09.??"]
[Round "7"]
[White "Spinelli, Doriano"]
[Black "Faraci, Antonino"]
[WhiteElo "2195"]
[BlackElo "2015"]
[Result "1-0"]
[PlyCount "89"]
[EventDate "1996.09.01"]

1. e4 c5 2. d4 cxd4 3. c3 d3 4. Bxd3 d6 5. Nf3 Nc6 6. h3 Nf6 7. O-O e6 8. Qe2
Qc7 9. Bf4 e5 10. Bg5 Be7 11. Na3 a6 12. Nc4 h6 13. Be3 Be6 14. Nb6 Rb8 15. a4
O-O 16. a5 d5 17. exd5 Nxd5 18. Nxd5 Bxd5 19. Bb6 Qd6 20. Rad1 Qe6 21. Nd2 Qf6
22. Bb1 Be6 23. Qe4 g6 24. f4 Rbc8 25. Qe3 exf4 26. Rxf4 Qg7 27. Ne4 Rfe8 28.
Qf2 f5 29. Nd6 Bxd6 30. Rxd6 Qe5 31. Qd2 Bf7 32. Rf1 Kh7 33. Bxf5 gxf5 34.
Qxh6+ Kg8 35. Rf3 Qe1+ 36. Kh2 Qe5+ 37. Rg3+ Qxg3+ 38. Kxg3 Re5 39. Qg5+ Kf8
40. Rh6 Ke8 41. Qf6 Bd5 42. Bc5 Re6 43. Qh8+ Kd7 44. Qg7+ Ne7 45. Rxe6 1-0

[Event "XXXVIII Festival A"]
[Site "Imperia ITA"]
[Date "1996.09.??"]
[Round "7"]
[White "Stodola, Jaroslav"]
[Black "Malano, Francesco"]
[WhiteElo "2130"]
[BlackElo "2080"]
[Result "1/2-1/2"]
[PlyCount "102"]
[EventDate "1996.09.01"]

1. e4 c5 2. Nf3 Nc6 3. d4 cxd4 4. Nxd4 g6 5. Nc3 Bg7 6. Be3 Nf6 7. Nxc6 bxc6 8.
e5 Nd5 9. Nxd5 cxd5 10. Qxd5 Rb8 11. Bc4 O-O 12. O-O Bb7 13. Qd4 Qc7 14. Rfd1
d6 15. exd6 exd6 16. Qd3 Rbc8 17. Bb3 Bxb2 18. Rab1 Qc6 19. Qd5 Qxd5 20. Bxd5
Bxd5 21. Rxb2 Be4 22. Rxd6 Rxc2 23. Rxc2 Bxc2 24. Bxa7 Re8 25. h3 Re6 26. Rd2
Ba4 27. Kh2 f5 28. g4 fxg4 29. hxg4 Kf7 30. g5 Re7 31. Bc5 Rd7 32. Re2 Bc6 33.
Kg3 Rd3+ 34. Kf4 Rd5 35. Re7+ Kf8 36. Bb4 Kg8 37. a3 Rf5+ 38. Kg4 Rxf2 39. Rc7
Rg2+ 40. Kf4 Ba4 41. Be7 Rd2 42. Ke5 Re2+ 43. Kd4 Rd2+ 44. Ke4 Rd7 45. Rc8+ Kf7
46. Bf6 Bb5 47. Rc5 Ba4 48. Bd4 Ke6 49. Kd3 Rd5 50. Rxd5 Kxd5 51. Kc3 Bd1
1/2-1/2

[Event "XXXVIII Festival A"]
[Site "Imperia ITA"]
[Date "1996.09.??"]
[Round "7"]
[White "Tortarolo, Massimiliano"]
[Black "Garano, Nicola"]
[WhiteElo "2235"]
[BlackElo "2125"]
[Result "0-1"]
[PlyCount "54"]
[EventDate "1996.09.01"]

1. e4 c5 2. Nf3 Nc6 3. d4 cxd4 4. Nxd4 Nf6 5. Nc3 e5 6. Ndb5 d6 7. Bg5 a6 8.
Na3 b5 9. Bxf6 gxf6 10. Nd5 Bg7 11. Bd3 Ne7 12. Nxe7 Qxe7 13. c3 f5 14. Nc2 f4
15. Qh5 Bb7 16. Nb4 O-O 17. Qf5 Bc8 18. Qh5 Bb7 19. Qf5 Qh4 20. Qd7 Bc8 21. Qc7
Be6 22. Rd1 Qg4 23. Rg1 f3 24. Nc2 Bh6 25. h3 Qg6 26. Kf1 fxg2+ 27. Ke2 Bxh3
0-1

[Event "XXXVIII Festival A"]
[Site "Imperia ITA"]
[Date "1996.09.??"]
[Round "7"]
[White "Ventura, Boris"]
[Black "Vasicek, Martin"]
[WhiteElo "2190"]
[BlackElo "2125"]
[Result "1/2-1/2"]
[PlyCount "99"]
[EventDate "1996.09.01"]

1. e4 c5 2. Nf3 d6 3. d4 cxd4 4. Nxd4 Nf6 5. Nc3 g6 6. Be2 Bg7 7. Be3 O-O 8.
O-O Nc6 9. Nxc6 bxc6 10. Qd2 Re8 11. Kh1 Qa5 12. Bh6 Rb8 13. Bxg7 Kxg7 14. b3
Ba6 15. Bxa6 Qxa6 16. f4 Qa5 17. Rae1 e5 18. Rf3 exf4 19. Qxf4 Qe5 20. Ref1
Qxf4 21. Rxf4 Re6 22. Ne2 c5 23. g4 Rb7 24. Nc3 Rbe7 25. Nd5 Nxd5 26. exd5 Re4
27. Kg1 Rxf4 28. Rxf4 Re2 29. Ra4 Rxc2 30. Rxa7 Rd2 31. a4 Rxd5 32. a5 Rd2 33.
Rd7 Kf6 34. a6 Ke6 35. a7 Ra2 36. Rb7 h5 37. g5 d5 38. Rb6+ Ke5 39. Rb7 Ke6 40.
Rb6+ Kf5 41. Rf6+ Kxg5 42. Rxf7 d4 43. Kf1 Kg4 44. Kg1 g5 45. Kf1 h4 46. Kg1
Ra3 47. Kg2 Ra2+ 48. Kg1 Kh3 49. Rf3+ Kg4 50. Rf7 1/2-1/2

[Event "XXXVIII Festival A"]
[Site "Imperia ITA"]
[Date "1996.09.??"]
[Round "7"]
[White "Wohl, Aleksandar H."]
[Black "Karl, Hans"]
[WhiteElo "2400"]
[BlackElo "2255"]
[Result "1/2-1/2"]
[PlyCount "48"]
[EventDate "1996.09.01"]

1. e4 e5 2. Nf3 Nc6 3. Bb5 a6 4. Ba4 Nf6 5. O-O Nxe4 6. d4 b5 7. Bb3 d5 8. dxe5
Be6 9. Be3 Be7 10. c3 O-O 11. Nbd2 Qd7 12. Bc2 f5 13. exf6 Nxf6 14. Ng5 Bf5 15.
Bxf5 Qxf5 16. Qb1 Qd7 17. Ngf3 Ng4 18. Bd4 Bd6 19. h3 Nge5 20. Qd1 Ng6 21. Be3
Nce7 22. Nb3 c6 23. Re1 Nf5 24. Bc5 Rae8 1/2-1/2

[Event "XXXVIII Festival A"]
[Site "Imperia ITA"]
[Date "1996.09.??"]
[Round "7"]
[White "Zedek, Alois"]
[Black "Travaglini, Alberto"]
[WhiteElo "2275"]
[BlackElo "2021"]
[Result "1-0"]
[PlyCount "71"]
[EventDate "1996.09.01"]

1. d4 d5 2. c4 Bf5 3. cxd5 Bxb1 4. Rxb1 Qxd5 5. a3 Nc6 6. e3 e5 7. dxe5 Qxd1+
8. Kxd1 Nxe5 9. Be2 Nf6 10. Nh3 Be7 11. f3 O-O 12. Kc2 Rfd8 13. Rd1 Nd5 14. Nf2
c5 15. Ne4 a6 16. f4 Nc6 17. Bf3 Rac8 18. g4 b5 19. Ng3 Ncb4+ 20. axb4 Nxb4+
21. Kc3 Bf6+ 22. Kb3 a5 23. Bd2 c4+ 24. Ka3 Nc2+ 25. Ka2 Nb4+ 26. Bxb4 axb4 27.
Rxd8+ Rxd8 28. Rd1 b3+ 29. Kb1 Rc8 30. g5 Be7 31. Bg4 Ra8 32. Bf3 Rc8 33. Rd7
Kf8 34. Ra7 b4 35. Ra8 Rxa8 36. Bxa8 1-0

[Event "XXXVIII Festival A"]
[Site "Imperia ITA"]
[Date "1996.09.??"]
[Round "7"]
[White "Zlochevskij, Alexander"]
[Black "Lanzani, Mario"]
[WhiteElo "2415"]
[BlackElo "2355"]
[Result "1/2-1/2"]
[PlyCount "120"]
[EventDate "1996.09.01"]

1. d4 d5 2. c4 dxc4 3. e3 Nf6 4. Bxc4 e6 5. Nf3 c5 6. O-O a6 7. Bd3 Nc6 8. a3
cxd4 9. exd4 Be7 10. Nc3 O-O 11. Bg5 Nd5 12. Be3 Kh8 13. Rc1 Nxc3 14. Rxc3 Bf6
15. Be4 Bd7 16. Qc2 Rc8 17. Rd1 Qe7 18. b4 Rfd8 19. Qb3 e5 20. dxe5 Nxe5 21.
Bc5 Nxf3+ 22. Bxf3 Qe6 23. Qxe6 Bxe6 24. Rcd3 Rxd3 25. Rxd3 Re8 26. Re3 Rd8 27.
h3 Rd7 28. Bg4 h6 29. Bxe6 fxe6 30. Rxe6 Rd1+ 31. Kh2 Ra1 32. Rb6 Rxa3 33. Rxb7
Kh7 34. Ra7 Bc3 35. g3 Ra4 36. Rb7 a5 37. b5 Bd4 38. Bxd4 Rxd4 39. Ra7 a4 40.
h4 Rb4 41. Ra5 a3 42. h5 a2 43. Rxa2 Rxb5 44. g4 Rb3 45. Re2 Ra3 46. Re3 Ra7
47. f4 Kg8 48. Kg3 Kf7 49. g5 hxg5 50. fxg5 Ra1 51. Rb3 Kg8 52. Re3 Kh7 53. Re7
Ra4 54. Re8 Rb4 55. Rf8 Ra4 56. Rf4 Ra5 57. Kg4 Ra1 58. Re4 Rg1+ 59. Kf5 Rf1+
60. Rf4 Rh1 1/2-1/2

[Event "XXXVIII Festival A"]
[Site "Imperia ITA"]
[Date "1996.09.??"]
[Round "8"]
[White "Bancod, Ronald"]
[Black "Ortega, Lexy"]
[WhiteElo "2400"]
[BlackElo "2495"]
[Result "1-0"]
[PlyCount "67"]
[EventDate "1996.09.01"]

1. e4 c5 2. Nf3 d6 3. Bb5+ Nd7 4. O-O Ngf6 5. Re1 e6 6. c3 a6 7. Bf1 Be7 8. d4
e5 9. dxe5 dxe5 10. a4 b6 11. Nbd2 Bb7 12. h3 O-O 13. Nh2 Bc6 14. Ng4 b5 15. b3
Qc7 16. Ne3 Rfd8 17. Qf3 Qb7 18. c4 bxa4 19. Nd5 Nf8 20. Bb2 Ng6 21. Bc3 axb3
22. Rab1 Nxd5 23. cxd5 Bb5 24. Rxb3 Bd6 25. Nc4 Rab8 26. Reb1 Qe7 27. Na5 Qd7
28. Qg4 f5 29. exf5 Ne7 30. Nc4 Bxc4 31. Rxb8 Rxb8 32. Rxb8+ Bxb8 33. Bxc4 Bd6
34. f4 1-0

[Event "XXXVIII Festival A"]
[Site "Imperia ITA"]
[Date "1996.09.??"]
[Round "8"]
[White "Barlocco, Carlo"]
[Black "Zedek, Alois"]
[WhiteElo "2195"]
[BlackElo "2275"]
[Result "0-1"]
[PlyCount "102"]
[EventDate "1996.09.01"]

1. c4 e5 2. Nc3 Nf6 3. Nf3 Nc6 4. g3 d5 5. cxd5 Nxd5 6. Bg2 Be7 7. Nxe5 Nxc3 8.
Nxc6 Nxd1 9. Nxd8 Nxf2 10. Nxf7 Nd3+ 11. exd3 Kxf7 12. b3 Rd8 13. Bb2 Kg8 14.
Be4 c6 15. O-O-O a5 16. Rde1 Bf8 17. a3 Bh3 18. Re3 Bc5 19. Re2 Rd7 20. Kb1 Rf8
21. Rc1 Bb6 22. Be5 Bf1 23. Rxf1 Rxf1+ 24. Kc2 Bd4 25. Bxd4 Rxd4 26. Kc3 Rd7
27. d4 g6 28. Bd3 Rf3 29. Re5 b6 30. Re3 Rf6 31. Re8+ Kf7 32. Rb8 c5 33. dxc5
Rf3 34. Rxb6 Rdxd3+ 35. Kc4 Rxd2 36. b4 Rxa3 37. b5 Rc2+ 38. Kd4 Ra1 39. c6
Rd1+ 40. Ke3 a4 41. Rb7+ Kf6 42. c7 Ke5 43. b6 Rc3+ 44. Ke2 Rb1 45. Kd2 Kd4 46.
Rb8 Rb2+ 47. Kd1 a3 48. Rd8+ Ke5 49. c8=Q Rb1+ 50. Kd2 Rxc8 51. Rxc8 a2 0-1

[Event "XXXVIII Festival A"]
[Site "Imperia ITA"]
[Date "1996.09.??"]
[Round "8"]
[White "Beeckmans, Felix"]
[Black "Bozzi, Gianni"]
[WhiteElo "2175"]
[BlackElo "2250"]
[Result "1-0"]
[PlyCount "57"]
[EventDate "1996.09.01"]

1. Nf3 Nf6 2. g3 d6 3. Bg2 e5 4. d3 Be7 5. c4 O-O 6. O-O c6 7. Nc3 h6 8. Rb1 a5
9. a3 Be6 10. e4 Nbd7 11. h3 Qc7 12. Re1 d5 13. exd5 cxd5 14. Nb5 Qb8 15. cxd5
Bf5 16. Ra1 Bc5 17. d4 exd4 18. Bf4 Qd8 19. Nfxd4 Bg6 20. Bc7 Qc8 21. Rc1 Ne8
22. Bf4 Qd8 23. Nb3 Bb6 24. a4 Rc8 25. d6 Nef6 26. Nc7 Nh5 27. Be3 Bxc7 28.
Bxb7 Qf6 29. dxc7 1-0

[Event "XXXVIII Festival A"]
[Site "Imperia ITA"]
[Date "1996.09.??"]
[Round "8"]
[White "Beil, Zdenek"]
[Black "Lostuzzi, Manlio"]
[WhiteElo "2325"]
[BlackElo "2340"]
[Result "1/2-1/2"]
[PlyCount "84"]
[EventDate "1996.09.01"]

1. d4 Nf6 2. c4 c5 3. d5 b5 4. cxb5 a6 5. b6 e6 6. Nc3 Nxd5 7. Nxd5 exd5 8.
Qxd5 Nc6 9. e4 Be7 10. Bc4 O-O 11. Ne2 Rb8 12. O-O Rxb6 13. Be3 d6 14. Qd2 Be6
15. Rac1 Rb4 16. b3 Ne5 17. Bxe6 fxe6 18. Nf4 Qd7 19. Nd3 Rxe4 20. Nxe5 Rxe5
21. Rxc5 Rxc5 22. Bxc5 Rc8 23. Bd4 d5 24. g3 Bf6 25. Re1 Bxd4 26. Qxd4 Rc2 27.
a3 h6 28. Kg2 Kf7 29. Re3 Qd6 30. Qd3 Rc8 31. Qh7 Rf8 32. Rf3+ Ke8 33. Qg6+ Kd8
34. Rxf8+ Qxf8 35. Qxe6 Qxa3 36. Qxd5+ Ke7 37. f4 Qb2+ 38. Kh3 Qe2 39. g4 Qf1+
40. Kg3 Qe1+ 41. Kg2 Qe2+ 42. Kg3 Qe1+ 1/2-1/2

[Event "XXXVIII Festival A"]
[Site "Imperia ITA"]
[Date "1996.09.??"]
[Round "8"]
[White "Botta, Tibor"]
[Black "Plesek, Jiri"]
[WhiteElo "2215"]
[BlackElo "2290"]
[Result "1-0"]
[PlyCount "119"]
[EventDate "1996.09.01"]

1. d4 f5 2. Nf3 Nf6 3. Bf4 g6 4. e3 Bg7 5. Be2 O-O 6. h3 d6 7. O-O h6 8. Nbd2
Nh5 9. Bh2 Nc6 10. c3 e5 11. dxe5 dxe5 12. Qc2 Qe8 13. Rad1 Kh8 14. Nc4 g5 15.
Nfxe5 Nxe5 16. Nxe5 Bxe5 17. Bxe5+ Qxe5 18. Bxh5 Be6 19. Bf3 c6 20. Rd4 Rad8
21. Rfd1 Rxd4 22. cxd4 Qa5 23. Qc5 Qxc5 24. dxc5 Kg7 25. b4 a5 26. b5 Bxa2 27.
bxc6 bxc6 28. Ra1 Bc4 29. Rxa5 Bb5 30. Ra7+ Rf7 31. Rxf7+ Kxf7 32. Bd1 f4 33.
g3 Ke6 34. Bb3+ Ke5 35. Kg2 fxe3 36. fxe3 Ke4 37. Kf2 Bd3 38. Bf7 Ba6 39. Bg8
Bc8 40. g4 Ba6 41. Bb3 Bd3 42. Bf7 Bb5 43. Be6 Ba4 44. Ke2 Ke5 45. Bf7 Bc2 46.
Bc4 Be4 47. Kf2 Bg6 48. Kf3 Be4+ 49. Kf2 Bd5 50. Bd3 Bb3 51. Bg6 Bc4 52. Kf3
Bf1 53. Bf7 Bxh3 54. Bc4 h5 55. gxh5 Bf5 56. Bb3 Bd3 57. Bg8 g4+ 58. Kg3 Bf5
59. Bf7 Bh7 60. Kxg4 1-0

[Event "XXXVIII Festival A"]
[Site "Imperia ITA"]
[Date "1996.09.??"]
[Round "8"]
[White "Bozzali, Ermanno"]
[Black "Rossi, Giampiero"]
[WhiteElo "2195"]
[BlackElo "2105"]
[Result "1-0"]
[PlyCount "63"]
[EventDate "1996.09.01"]

1. e4 c5 2. Nf3 e6 3. d4 cxd4 4. Nxd4 a6 5. Bd3 Nc6 6. Nxc6 dxc6 7. O-O e5 8.
Nd2 Bd6 9. Nc4 Bc7 10. a4 Nf6 11. h3 O-O 12. Qe2 Be6 13. Bg5 h6 14. Bh4 Qe7 15.
Bg3 Bxc4 16. Bxc4 Rad8 17. Bd3 Rfe8 18. Qf3 Nh7 19. Ra3 Rd7 20. Rb3 Bb8 21. Qe3
Nf8 22. Be2 Red8 23. Ra1 Ne6 24. Bg4 g6 25. Kh2 Kh8 26. f3 Bd6 27. Rd3 Bc5 28.
Rxd7 Rxd7 29. Qc3 Bd4 30. Qc4 Rd6 31. Rd1 Bg1+ 32. Rxg1 1-0

[Event "XXXVIII Festival A"]
[Site "Imperia ITA"]
[Date "1996.09.??"]
[Round "8"]
[White "Budka, Jan"]
[Black "Ventura, Boris"]
[WhiteElo "2018"]
[BlackElo "2190"]
[Result "1/2-1/2"]
[PlyCount "84"]
[EventDate "1996.09.01"]

1. e4 Nc6 2. Nf3 Nf6 3. Nc3 d5 4. exd5 Nxd5 5. Bc4 Nb6 6. Bb3 e5 7. d3 Be7 8.
h3 Bf5 9. O-O Qd7 10. Re1 f6 11. Ne4 O-O-O 12. Ng3 g5 13. Nxf5 Qxf5 14. Nh2 h5
15. Qf3 Qh7 16. Qe4 Qg7 17. Be3 Nd4 18. Bxd4 Rxd4 19. Qf5+ Kb8 20. Re4 Rdd8 21.
Rae1 Bc5 22. Nf1 Nc8 23. Ra4 b5 24. Ra5 Bb6 25. Ra3 Nd6 26. Qf3 g4 27. Qc6 Qd7
28. Qxd7 Rxd7 29. h4 Bc5 30. Ra6 Kb7 31. Rxd6 Rxd6 32. Ng3 Rd7 33. Be6 Re7 34.
Bf5 Bb6 35. Kf1 Kb8 36. Re4 c5 37. Bg6 Rg7 38. Bxh5 Rgh7 39. Bxg4 Rxh4 40. Ke2
Rg8 41. Bh3 Rxe4+ 42. Nxe4 Rg6 1/2-1/2

[Event "XXXVIII Festival A"]
[Site "Imperia ITA"]
[Date "1996.09.??"]
[Round "8"]
[White "Cirabisi, Federico"]
[Black "Jandourek, Lukas"]
[WhiteElo "2180"]
[BlackElo "2220"]
[Result "0-1"]
[PlyCount "48"]
[EventDate "1996.09.01"]

1. d4 d5 2. e3 Nf6 3. Bd3 Bg4 4. f3 Bh5 5. Ne2 Bg6 6. Nbc3 c5 7. Nf4 e6 8. O-O
Nc6 9. Nce2 c4 10. Bxg6 hxg6 11. c3 Bd6 12. Qc2 g5 13. Nh3 g4 14. fxg4 Ne4 15.
Ng3 Bxg3 16. hxg3 Nxg3 17. Rf3 Ne4 18. Nf2 Ng5 19. Rg3 Qc7 20. e4 Qxg3 21. Bxg5
Ne7 22. Qa4+ Kf8 23. Bxe7+ Kxe7 24. exd5 Rh2 0-1